000 00574nam a22002052 4500
001 0000023997
005 20151217152254.0
008 130424s xx 000 0 eng d
020 _a0199268672 :
040 _aKABU
_cKABU
100 1 _aScragg, Alan.
_@0000169759
245 1 0 _aEnvironmental biotechnology /
_cAlan Scragg.
250 _a2nd ed.
260 _aOxford :
_bO. U. P.,
_c2005.
300 _aviii, 447 p.
650 0 _aBioremediation.
_@0000121510
852 1 _9p4900 KES
908 _a130424
950 _@1
999 _c10112
_d10112